Metódy riadenia prístupu vhodné na službu IPTV v sieťach IMS
Gespeichert in:
| 1. Verfasser: | |
|---|---|
| Weitere Verfasser: | |
| Format: | Manuskript Buch |
| Sprache: | Slowakisch |
| Veröffentlicht: |
2016
|
| Schlagworte: | |
| Online-Zugang: | http://is.stuba.sk/zp/portal_zp.pl?podrobnosti=119801 |
| Tags: |
Keine Tags, Fügen Sie das erste Tag hinzu!
|
MARC
| LEADER | 00000ntm a22000003a 4500 | ||
|---|---|---|---|
| 001 | stuzp52790 | ||
| 003 | SK-STU | ||
| 005 | 20160722121220.4 | ||
| 007 | ta | ||
| 008 | 150427s2015----xo-----f-mn---000-0-slo-d | ||
| 040 | |a STU |b slo | ||
| 041 | 0 | |a slo | |
| 044 | |a xo | ||
| 100 | 1 | |a Cipov, Roman |u 037000 |k Z4 |4 aut |U FEI Fakulta elektrotechniky a informatiky |T FEI Ústav telekomunikácií |X 8921 |U E070 |Y 818 |7 A000008921 | |
| 242 | 0 | 1 | |a Admission control methods suitable for IPTV in IMS architecture |y eng |
| 245 | 1 | 0 | |a Metódy riadenia prístupu vhodné na službu IPTV v sieťach IMS |
| 260 | |c 2016 | ||
| 300 | |a 43 s. | ||
| 650 | 4 | |a IMS |2 slo | |
| 650 | 4 | |a riadenie prístupu |2 slo | |
| 650 | 4 | |a QoS |2 slo | |
| 650 | 4 | |a NGN |2 slo | |
| 650 | 4 | |a IPTV |2 slo | |
| 650 | 4 | |a NGN |2 eng | |
| 650 | 4 | |a IMS |2 eng | |
| 650 | 4 | |a IPTV |2 eng | |
| 650 | 4 | |a QoS |2 eng | |
| 650 | 4 | |a admission control |2 eng | |
| 700 | 1 | |a Chromý, Erik |u 037000 |k Z1 |4 ths |U FEI Fakulta elektrotechniky a informatiky |T FEI Ústav telekomunikácií |X 3861 |U E070 |Y 818 |7 A000003861 | |
| 856 | 4 | |u http://is.stuba.sk/zp/portal_zp.pl?podrobnosti=119801 | |
| 996 | |b 284EP11388 |c E*DIPL- 11388 |l EE37 |s P |a 0 |w stuzp52790_0001 | ||
| SQL | |a stuzp52790 |b DDP |c SLO |d Metódy riadenia prístupu vhodné na službu IPTV v sieťach IMS |e 8921 |f Cipov, Roman |g 037000 |h 3861 |i Chromý, Erik |j 20160614 |k 86 |l 03 |m http://is.stuba.sk/zp/portal_zp.pl?podrobnosti=119801 |n I-TLK |o 5.2.15. telekomunikácie | ||